Entrada Personal Name
Número de registros utilizados en: 1
003 - CONTROL NUMBER IDENTIFIER
005 - DATE AND TIME OF LATEST TRANSACTION
- control field:
20210709155835.0
008 - FIXED-LENGTH DATA ELEMENTS
- fixed length control field:
210709|| aca||aabn | a|a d
100 1# - HEADING--PERSONAL NAME
- Personal name:
Santos, Prun,
- Relator term:
editor
670 ## - SOURCE DATA FOUND
- Source citation:
Work cat.: (OSt)20041: Impresiones Aéreas S.A. de C.V. 18392, México Desconocido Guía Especial /